| 000 | 00925nam a2200253Ia 4500 | ||
|---|---|---|---|
| 003 | OSt | ||
| 005 | 20221005112307.0 | ||
| 006 | a|||||r|||| 00| 0 | ||
| 007 | ta | ||
| 008 | 221004b |||||||| |||| 00| 0 pan d | ||
| 020 |
_a9788178563947 (hbk) _cIndian Rupees 250 |
||
| 024 | _a38639 | ||
| 037 |
_bGift, 16/07/2018, _cTextual |
||
| 040 |
_aCRL _cCRL _bpan |
||
| 041 |
_2pan _apan |
||
| 082 | _aY73(P153):351, 153Q3 | ||
| 100 | _aਗਿੱਲ, ਰੁਪਿੰਦਰਜੀਤ, ਂਚ. | ||
| 245 | 0 |
_aਵਿਆਹ _b ਰਸਮਾਂ ਅਤੇ ਲੋਕ-ਗੀਤ |
|
| 260 |
_aਅੰਮ੍ਰਿਤਸਰ _bਵਾਰਿਸ Fਾਹ ਖ਼ਾਉ੍ਵਡੇFਨ ਭਾਰਤ _c2013 |
||
| 300 |
_a160ਪ0 _ccm. |
||
| 650 | _aਸਭਿਆਚਾਰ | ||
| 942 |
_hY73(P153):351, 153Q3 _cTEXL _2cc |
||
| 999 |
_c1024453 _d1024453 |
||